Datum a čas kvízu
39.5
Celkem bodů
Celkový počet nahraných bodů na tomto kvízu bez doplňovacích otázek.
2.
Pořadí na kvízu
Konečné umístění týmu na tomto kvízu.
Zaznamenané odpovědi
| # | Otázka | Odpověď | Body | Výsledky |
|---|---|---|---|---|
| 1. | Jak se jmenuje funkcionář, jem... | Josef Středula | 0 | |
| 2. | Na mezinárodní vesmírnou stani... | americká (3 členové), ruská (1 člen) | 0.5 | |
| 3. | Po Taťáně Kuchařové, která tri... | Krystyna Pyszková | 1 | |
| 4. | Od středy minulého týdne je za... | HHC | 1 | |
| 5. | Ve čtvrtek byla odehrána evrop... | 3 : 9 | 0 | |
| 6. | Začneme prvním českým králem p... | Rudolf (I. Habsburský) | 1 | |
| 7. | Další „slavnou“ prohrou, která... | stoletá válka | 1 | |
| 8. | V bitvě u Lipan, kterou řadí m... | Prokop | 1 | |
| 9. | Bitva na Bílé hoře v roce 1620... | D) 2 hodiny | 0 | |
| 10. | Napište jména dvou mužů, kteří... | Neville Chamberlain, Édouard Daladier | 1 |